Verona libera : maggio 1945-giugno 1946 : un quotidiano per la città dopo la guerra /
Saved in:
| Main Author: | |
|---|---|
| Format: | Book |
| Language: | Italian |
| Published: |
Verona :
Scripta,
c2011.
|
| Subjects: | |
| Tags: |
Add Tag
No Tags, Be the first to tag this record!
|
| LEADER | 00879nam a2200277 a 4500 | ||
|---|---|---|---|
| 001 | 012829888-X | ||
| 005 | 20110715230353.0 | ||
| 008 | 110701s2011 it a b 000 0 ita d | ||
| 020 | |a 9788896162309 : |c 13.00 EUR | ||
| 035 | 0 | |a ocn738359681 | |
| 035 | |a (ItFiC)it 1193672X | ||
| 040 | |a ItFiC |c ItFiC | ||
| 043 | |a e-it--- | ||
| 050 | 0 | 0 | |a D829.I8 |b P75 2011 |
| 100 | 1 | |a Priante, Giovanni. | |
| 245 | 1 | 0 | |a Verona libera : |b maggio 1945-giugno 1946 : un quotidiano per la città dopo la guerra / |c Giovanni Priante. |
| 260 | |a Verona : |b Scripta, |c c2011. | ||
| 300 | |a 334 p. : |b ill. ; |c 21 cm. | ||
| 504 | |a Includes bibliographical references (p. 331). | ||
| 650 | 0 | |a Reconstruction (1939-1951) |z Italy |z Verona. | |
| 651 | 0 | |a Verona (Italy) |x History |y 20th century. | |
| 630 | 0 | 0 | |a Verona libera. |
| 730 | 0 | |a Verona libera. | |
| 899 | |a 415_565136 | ||
| 988 | |a 20110715 | ||
| 906 | |0 VEN | ||


